Statistics for Grand Theft Auto 4 Characters

Click here to take the quiz!

General Stats

  • This quiz has been taken 195 times
  • The average score is 12 of 15

Answer Stats

HintAnswer% Correct
Main ProtagonistNiko Bellic
100%
Niko's CousinRoman Bellic
100%
Jamaican arms and drug dealerLittle Jacob
94%
Fitness enthusiast with a garage in BrokerBrucie Kibbutz
87%
A Russian criminal who betrays Niko, becoming the main antagonist of the gameDimitri Rascalov
87%
Packie's sister and Niko's main love interestKate McReary
87%
A materialistic hustler from Northwood who was a former protege of Dwayne ForgePlayboy X
87%
Niko's first girlfriend, later proven to be working with the U.L. Paper and blackmailing Niko into working for themMichelle / Karen
86%
Former mentor of Playboy X and leader of the North Holland HustlersDwayne Forge
80%
The Don of the Pegorino crime familyJimmy Pegorino
77%
Former Serbian soldier now openly gay and in a relationship with Liberty City's Deputy MayorBernie Crane (formerly Florian Cravic)
75%
Roman's Girlfriend (And later wife)Mallorie Bardas
74%
Owner of the cabaret club, Perestroika and long-time friend of Dimitri RasvalovMikhail Faustin
69%
A small-time drug dealer in Bohan who is charged with 300 years in prison for cocaine distrubutionElizabeta Torres
61%
Fiery-haired leader of the Irish mob. Within the game's events, he is released and subsequently rearrested on charges of racketeering and bank robberyGerry McReary
53%

Score Distribution

Percentile by Number Answered

Percent of People with Each Score

Your Score History

You have not taken this quiz